À l’ENA : y entrer [s’] en sortir (notice n° 1983355)

détails MARC
000 -LEADER
fixed length control field 01369cam a2200145 4500500
005 - DATE AND TIME OF LATEST TRANSACTION
control field 20260329043138.0
041 ## - LANGUAGE CODE
Language code of text/sound track or separate title fre
042 ## - AUTHENTICATION CODE
Authentication code dc
100 10 - MAIN ENTRY--PERSONAL NAME
Personal name Saint-Preux
Relator term author
245 00 - TITLE STATEMENT
Title À l’ENA : y entrer [s’] en sortir
260 ## - PUBLICATION, DISTRIBUTION, ETC.
Name of publisher, distributor, etc. Armand Colin,<br/>
Date of publication, distribution, etc. 2013.<br/>
520 ## - SUMMARY, ETC.
Summary, etc. L’ENA laisse rarement indifférent. Fabrique des élites pour les uns, symbole de l’endogamie républicaine pour les autres, l’École nationale d’administration est-elle réellement un lieu d’excellence ou l’école du pire&amp;#8239;?Être énarque, un rêve français&amp;#8239;? Sur un ton léger et subjectif, ce livre-témoignage raconte le quotidien de deux années de scolarité d’une promotion d’apprentis énarques dans ce sanctuaire très fermé qu’est l’ENA. Une expérience unique qui fait la part des choses entre procès injustes et critiques fondées, sans tomber dans le pamphlet ni le conte de fées.L’auteur apporte un éclairage nouveau sur certains défauts de l’ENA, mais aussi sur les évolutions souhaitables (modes de sélection, logique du concours, savoirs délivrés). Il contribue à ce débat permanent: cette école mythique est-elle adaptée aux enjeux de ce temps&amp;#8239;?
700 10 - ADDED ENTRY--PERSONAL NAME
Personal name Saint-Preux
Relator term author
856 41 - ELECTRONIC LOCATION AND ACCESS
Uniform Resource Identifier <a href="https://shs.cairn.info/a-lena-y-entrer-sen-sortir--9782200286347?lang=fr&redirect-ssocas=7080">https://shs.cairn.info/a-lena-y-entrer-sen-sortir--9782200286347?lang=fr&redirect-ssocas=7080</a>

Pas d'exemplaire disponible.

PLUDOC

PLUDOC est la plateforme unique et centralisée de gestion des bibliothèques physiques et numériques de Guinée administré par le CEDUST. Elle est la plus grande base de données de ressources documentaires pour les Étudiants, Enseignants chercheurs et Chercheurs de Guinée.

Adresse

627 919 101/664 919 101

25 boulevard du commerce
Kaloum, Conakry, Guinée

Réseaux sociaux

Powered by Netsen Group @ 2025